[Event "Challenge"]
[Site "http://www.queenalice.com/game.php?id=1765311"]
[Date "2021.7.25"]
[Round "-"]
[White "Baptiste2003"]
[Black "mathias2001"]
[Result "0-1"]
[WhiteElo "1125"]
[BlackElo "1578"]

1. e4 d5 2. exd5 Nf6 3. Nc3 Nxd5 4. Nxd5 Qxd5 5. d3 e5 6. Nf3 Nc6 7. b3 Bb4+ 8.
Bd2 Bf5 9. Be2 e4 10. Nh4 exd3 11. cxd3 Bxd2+ 12. Qxd2 Qd4 13. Qe3+ Be6 14. Qxd4
Nxd4 15. Bf3 Nc2+ 16. Ke2 Nxa1 17. Rxa1 O-O 18. Bxb7 Rae8 19. Kd2 Re7 20. Nf3 c5
21. Bc6 Rd8 22. Rc1 Bf5 23. Re1 Rxd3+ 24. Kc1 Rxe1+ 25. Nxe1 Rd6 26. Bb5 Re6 27.
Nf3 a6 28. Bc4 Re4 29. Bd5 Re7 30. Ng5 Bg6 31. f4 Re2 32. Bc4 Rxa2 33. b4 cxb4
34. Bxa2 h6 35. f5 Bxf5 36. Nxf7 Kh7 37. Bb1 Bxb1 38. Kxb1 Kg6 39. Nd6 Kg5 40.
Ne4+ Kf4 41. Nf2 Ke3 42. Nd1+ Ke2 43. Nb2 Kf2 44. g3 Kg2 45. g4 Kxh2 46. Nc4 Kg3
47. Kb2 Kxg4 48. Kb3 h5 49. Kxb4 h4 50. Ne3+ Kg3 51. Nf5+ Kg4 52. Nxg7 h3 0-1

[Event "AUTO-INT-3545"]
[Site "http://www.queenalice.com/game.php?id=1767429"]
[Date "2021.8.20"]
[Round "2"]
[White "martusdog"]
[Black "mathias2001"]
[Result "1-0"]
[WhiteElo "1708"]
[BlackElo "1647"]

1. e4 d5 2. exd5 Nf6 3. c4 c6 4. dxc6 Nxc6 5. Nf3 e5 6. d3 Bc5 7. Be3 Qd6 8.
Bxc5 Qxc5 9. h3 Qb4+ 10. Qd2 Qd6 11. Nc3 O-O 12. O-O-O Bf5 13. g4 Be6 14. g5 Nh5
15. Ne4 Qd7 16. Nc5 Qc7 17. Re1 b6 18. Ne4 Rfd8 19. Qc3 Nf4 20. h4 Bg4 21. Re3
Rd7 22. Rg1 Bf5 23. Ng3 Be6 24. Nxe5 Nxe5 25. Rxe5 Rad8 26. Re3 Qc5 27. Ne4 Qc6
28. Reg3 Ng6 29. h5 Nf4 30. h6 g6 31. Qg7# 1-0

[Event "AUTO-INT-3545"]
[Site "http://www.queenalice.com/game.php?id=1767430"]
[Date "2021.8.20"]
[Round "2"]
[White "mathias2001"]
[Black "martusdog"]
[Result "0-1"]
[WhiteElo "1633"]
[BlackElo "1746"]

1. e4 e5 2. Nf3 d6 3. Bb5+ c6 4. Bc4 b5 5. Bb3 Bg4 6. h3 Bh5 7. d3 Bxf3 8. Qxf3
Nf6 9. a4 b4 10. Nd2 Be7 11. O-O Nbd7 12. Qg3 Nh5 13. Qf3 Ndf6 14. Nc4 g6 15.
Bg5 h6 16. Bd2 c5 17. Ne3 Bf8 18. Nd5 Bg7 19. g4 Nf4 20. Bxf4 Nxd5 21. Bxd5 Rb8
22. Bc6+ Ke7 23. Bd2 h5 24. Bg5+ f6 25. Be3 Qc8 26. Bd5 a5 27. g5 Qd7 28. gxf6+
Bxf6 29. Kg2 Rbf8 30. Rg1 Rh7 31. Qg3 h4 32. Qg4 Kd8 33. Bg5 Qxg4+ 34. hxg4 Bxg5
35. f3 h3+ 36. Kf2 h2 37. Rh1 Rh3 38. Kg2 Rfxf3 39. Rxh2 Rfg3+ 40. Kh1 Bf4 41.
Rxh3 Rxh3+ 42. Kg2 Rh2+ 43. Kf1 Rxc2 44. Rb1 Rd2 45. Bc4 Ke7 46. b3 Kf6 47. Ke1
Kg5 48. Rd1 Rxd1+ 49. Kxd1 Kxg4 50. Ke2 Kg3 51. Kf1 g5 52. Kg1 Kf3 53. Kh1 g4
54. Kg1 g3 55. Kf1 g2+ 56. Kg1 Kg3 0-1

[Event "AUTO-INT-3545"]
[Site "http://www.queenalice.com/game.php?id=1767433"]
[Date "2021.8.20"]
[Round "2"]
[White "Tenor"]
[Black "mathias2001"]
[Result "0-1"]
[WhiteElo "1628"]
[BlackElo "1580"]

1. e4 d5 2. e5 c5 3. d4 cxd4 4. Qxd4 Nc6 5. Qf4 e6 6. Nf3 Bc5 7. b3 Nge7 8. Be2
Ng6 9. Qg3 Nd4 10. Nxd4 Bxd4 11. c3 Bxe5 12. Qd3 O-O 13. O-O Qc7 14. a4 Bxh2+
15. Kh1 Be5 16. g3 b6 17. Ra2 Rd8 18. Bf3 Bb7 19. Kg2 Bc6 20. Qa6 Bb7 21. Qd3 d4
22. cxd4 Bxd4 23. Qc4 Bxf3+ 24. Kxf3 Ne5+ 0-1

[Event "AUTO-INT-3545"]
[Site "http://www.queenalice.com/game.php?id=1767434"]
[Date "2021.8.20"]
[Round "2"]
[White "mathias2001"]
[Black "Tenor"]
[Result "1-0"]
[WhiteElo "1615"]
[BlackElo "1612"]

1. e4 e5 2. Nf3 Nf6 3. Nxe5 Nxe4 4. Qf3 Nf6 5. Bc4 d5 6. Bb3 Be6 7. d4 Bd6 8.
Qg3 O-O 9. Bh6 Nh5 10. Qg5 Qxg5 11. Bxg5 Nd7 12. Nxd7 Bxd7 13. Bxd5 c6 14. Bf3
Rae8+ 15. Be2 Nf4 16. Bxf4 Bxf4 17. Nc3 Bf5 18. O-O Bxc2 19. Bf3 Bd2 20. Ne2 Rd8
21. a3 Rd6 22. b4 b5 23. Ra2 Bxb4 24. Rxc2 Bxa3 25. Bxc6 Rc8 26. Rc3 b4 27. Re3
Rdxc6 28. d5 Rc2 29. Nd4 R2c3 30. Nb5 Bc1 31. Nxc3 Bxe3 32. fxe3 Rxc3 33. Rd1
Kf8 34. Ra1 Ra3 35. Rc1 Rc3 36. Ra1 Ra3 37. Rc1 Rxe3 38. d6 Re6 39. Rc8+ 1-0

[Event "AUTO-INT-3545"]
[Site "http://www.queenalice.com/game.php?id=1767435"]
[Date "2021.8.20"]
[Round "2"]
[White "juim"]
[Black "mathias2001"]
[Result "0-1"]
[WhiteElo "1626"]
[BlackElo "1598"]

1. e4 d5 2. e5 c5 3. Nf3 Bg4 4. Be2 e6 5. O-O Bxf3 6. Bxf3 Nc6 7. d3 Nxe5 8. Be2
Bd6 9. Bf4 Bc7 10. Nc3 Ne7 11. Bf3 N7g6 12. Bg3 h5 13. Bxe5 Nxe5 14. Be2 Qd6 15.
Nb5 Nf3+ 16. Bxf3 Qxh2# 0-1

[Event "AUTO-INT-3545"]
[Site "http://www.queenalice.com/game.php?id=1767436"]
[Date "2021.8.20"]
[Round "2"]
[White "mathias2001"]
[Black "juim"]
[Result "1-0"]
[WhiteElo "1631"]
[BlackElo "1624"]

1. e4 d5 2. exd5 Qxd5 3. Nc3 Qe5+ 4. Be2 Nc6 5. Nf3 Qa5 6. d4 Qh5 7. O-O Qg6 8.
Nb5 Kd8 9. Bf4 a6 10. Nxc7 Ra7 11. Nd5 e6 12. Nb6 Nge7 13. c3 Nd5 14. Nxd5 exd5
15. Nh4 Qf6 16. Qd2 Bd6 17. Bg5 h6 18. Bxf6+ gxf6 19. Bh5 b5 20. Bxf7 Rh7 21.
Bxd5 Na5 22. Nf5 Bxf5 23. Rfe1 Rhg7 24. Qxh6 Bg6 25. Qh8+ Bf8 26. Qxf8+ Kc7 27.
Qxg7+ 1-0

[Event "Challenge"]
[Site "http://www.queenalice.com/game.php?id=1774467"]
[Date "2021.11.10"]
[Round "-"]
[White "mathias2001"]
[Black "poeleabois"]
[Result "0-1"]
[WhiteElo "1634"]
[BlackElo "1512"]

1. e4 c5 2. d4 Nf6 3. e5 Nd5 4. Bc4 e6 5. Nf3 b5 6. Bxb5 Qa5+ 7. c3 Qxb5 8. Na3
Qc6 9. Nc4 cxd4 10. Qxd4 Bc5 11. Nd6+ Kf8 12. Qc4 Ba6 13. Qg4 h5 14. Qg3 f6 15.
exf6 gxf6 16. Ne4 f5 17. Nxc5 Qxc5 18. Ne5 Ke8 19. Qg6+ Kd8 20. Qf6+ Nxf6 21.
Nf7+ Ke8 22. Nxh8 Qc4 23. b3 Qe2# 0-1

[Event "Challenge"]
[Site "http://www.queenalice.com/game.php?id=1778923"]
[Date "2022.1.2"]
[Round "-"]
[White "poeleabois"]
[Black "mathias2001"]
[Result "1/2-1/2"]
[WhiteElo "1471"]
[BlackElo "1599"]

1. e4 d5 2. Nc3 dxe4 3. Nxe4 Nf6 4. Nxf6+ gxf6 5. Nf3 Bg4 6. h3 Bxf3 7. Qxf3 Nc6
8. Bb5 Qd7 9. O-O Rg8 10. d3 O-O-O 11. Bxc6 Qxc6 12. Qxc6 bxc6 13. a3 e5 14. c4
Rxd3 15. Be3 a5 16. Rfd1 Rxd1+ 17. Rxd1 Bd6 18. c5 Be7 19. g4 h5 20. f3 hxg4 21.
hxg4 f5 22. Kf2 fxg4 23. fxg4 Rxg4 24. Kf3 Rg6 25. Rc1 Kb7 26. Ke4 Bg5 27. Rg1
f6 28. Bxg5 fxg5 29. Kxe5 g4 30. Kf5 Rg8 31. Rxg4 Rxg4 32. Kxg4 Ka6 33. Kf5 Kb5
34. Ke6 Kxc5 35. Kd7 a4 36. Kxc7 Kb5 37. Kd6 c5 38. Kd5 Kb6 39. Kc4 Kc6 40. b4
axb3 41. Kxb3 Kb5 42. a4+ Ka5 43. Kc4 Kxa4 44. Kxc5 Kb3 1/2-1/2

[Event "Challenge"]
[Site "http://www.queenalice.com/game.php?id=1780381"]
[Date "2022.1.14"]
[Round "-"]
[White "mathias2001"]
[Black "nuzera"]
[Result "1-0"]
[WhiteElo "1595"]
[BlackElo "1288"]

1. e4 e5 2. Nf3 d5 3. exd5 Qxd5 4. Nc3 Qc6 5. Bb5 Qd7 6. Bxd7+ Nxd7 7. O-O b6 8.
d4 exd4 9. Qxd4 Be7 10. Qe4 Nc5 11. Qc6+ Kd8 12. Rd1+ Bd7 13. Qxa8# 1-0

[Event "Challenge"]
[Site "http://www.queenalice.com/game.php?id=1780657"]
[Date "2022.1.17"]
[Round "-"]
[White "tikar15"]
[Black "mathias2001"]
[Result "1-0"]
[WhiteElo "1301"]
[BlackElo "1613"]

1. d4 d5 2. c4 Nf6 3. Nc3 dxc4 4. e4 e6 5. Bxc4 b6 6. h3 Bb7 7. Nge2 Nxe4 8. f3
Nf6 9. a3 Nc6 10. O-O Na5 11. Ba2 Qd6 12. Nb5 Qc6 13. a4 Rd8 14. Nf4 e5 15. Re1
Be7 16. Rxe5 a6 17. Nc3 Rd7 18. Qd3 O-O 19. Bd2 Rfd8 20. Qf5 Rxd4 21. Rxe7 Rxd2
22. Rxf7 Rxb2 23. Rxf6+ Rxa2 24. Rxc6 Rxa1+ 25. Kh2 Nxc6 26. Ne4 Ne7 27. Qg5
Rxa4 28. Qxe7 Rf8 29. Ne6 h6 30. Qxf8+ Kh7 31. Qxg7# 1-0

[Event "Challenge"]
[Site "http://www.queenalice.com/game.php?id=1780658"]
[Date "2022.1.17"]
[Round "-"]
[White "mathias2001"]
[Black "tikar15"]
[Result "1-0"]
[WhiteElo "1585"]
[BlackElo "1433"]

1. e4 e5 2. Nf3 d6 3. d4 a6 4. d5 c6 5. Bc4 h6 6. O-O Nf6 7. Nc3 Be7 8. Be3 cxd5
9. Nxd5 O-O 10. Nb6 Nc6 11. Nxa8 d5 12. exd5 Nd4 13. Nxe5 Nf5 14. Nb6 Nxe3 15.
fxe3 Qxb6 16. Qd3 Qxb2 17. d6 Qxe5 18. dxe7 Qxe7 19. Rad1 b5 20. Bb3 Bb7 21. c4
Bc6 22. h3 Nd7 23. e4 Nc5 24. Qe3 Qe6 25. Qxc5 Qxe4 26. Rf2 Re8 27. Bc2 Qe6 28.
Rfd2 Bb7 29. Rd8 g6 30. cxb5 Qe2 31. Rxe8+ Qxe8 32. bxa6 Bxa6 33. a4 Qe2 34.
Rd8+ Kh7 35. Qf2 Qe5 36. Qxf7+ Qg7 37. Bxg6# 1-0

[Event "Challenge"]
[Site "http://www.queenalice.com/game.php?id=1784351"]
[Date "2022.3.9"]
[Round "-"]
[White "mathias2001"]
[Black "poeleabois"]
[Result "1-0"]
[WhiteElo "1594"]
[BlackElo "1457"]

1. e4 e5 2. Nf3 Nc6 3. Bb5 Qf6 4. Bxc6 bxc6 5. d3 d6 6. O-O Bg4 7. Nbd2 d5 8. h3
Bxf3 9. Nxf3 O-O-O 10. Bg5 Qd6 11. Bxd8 Qxd8 12. Nxe5 Qf6 13. Nf3 dxe4 14. dxe4
Qxb2 15. Ng5 h6 16. Nxf7 Rh7 17. Qd8+ Kb7 18. Rfb1 Qxb1+ 19. Rxb1+ Ka6 20. Qxc7
Bc5 21. Qxc6+ Bb6 22. Nd6 g5 23. Qb5# 1-0

[Event "Challenge"]
[Site "http://www.queenalice.com/game.php?id=1788165"]
[Date "2022.5.3"]
[Round "-"]
[White "poeleabois"]
[Black "mathias2001"]
[Result "1-0"]
[WhiteElo "1466"]
[BlackElo "1609"]

1. e4 d5 2. Nc3 d4 3. Nce2 d3 4. cxd3 Qxd3 5. Nc3 Qd6 6. Nf3 e5 7. Nb5 Qb6 8.
Nxe5 Nf6 9. Qa4 Bd7 10. Nxd7 Nbxd7 11. d3 Ng4 12. h3 Qxf2+ 13. Kd1 Bc5 14. hxg4
O-O 15. Nxc7 Rad8 16. Bd2 Qf6 17. Bc3 Qd6 18. Nd5 Qe6 19. Be2 Nb6 20. Qxa7 Nxd5
21. Qxc5 Nxc3+ 22. Qxc3 Qxe4 23. Re1 Qxg2 24. Kd2 Rfe8 25. Rad1 Qf2 26. d4 Qf4+
27. Kc2 Rc8 28. Bc4 Qxg4 29. Rxe8+ Rxe8 30. Re1 Qf5+ 31. Kb3 Rc8 32. Qe3 h6 33.
a4 Qf6 34. Qh3 Rd8 35. d5 Qd6 36. Kc3 Kf8 37. Qf3 Qd7 38. d6 f6 39. Re7 Qxd6 40.
Rf7+ Kg8 41. Rd7+ Kh8 42. Rxd6 Rxd6 43. Qxb7 f5 44. Qb8+ Kh7 45. Qxd6 f4 46.
Qxf4 h5 47. Bd3+ g6 48. Qf7+ Kh6 49. Qxg6# 1-0

[Event "Challenge"]
[Site "http://www.queenalice.com/game.php?id=1788478"]
[Date "2022.5.7"]
[Round "-"]
[White "mathias2001"]
[Black "poeleabois"]
[Result "1-0"]
[WhiteElo "1605"]
[BlackElo "1491"]

1. e4 e5 2. Bc4 Nf6 3. b3 d6 4. Bb2 Be7 5. Nc3 Nc6 6. Nd5 O-O 7. d3 Bg4 8. f3
Bh5 9. Qe2 h6 10. Qf2 a6 11. f4 Ng4 12. Qf1 b5 13. Nxe7+ Qxe7 14. Bd5 Ne3 15.
Qf2 Nxd5 16. exd5 Nb4 17. a3 exf4+ 18. Ne2 Nxc2+ 19. Kf1 Nxa1 20. Bxa1 Rae8 21.
Kg1 Bxe2 22. Qd4 Bf1 23. Qxg7# 1-0

[Event "Challenge"]
[Site "http://www.queenalice.com/game.php?id=1791182"]
[Date "2022.6.20"]
[Round "-"]
[White "jjjcarvalho"]
[Black "mathias2001"]
[Result "1-0"]
[WhiteElo "1848"]
[BlackElo "1616"]

1. d4 d5 2. Nf3 Nc6 3. e3 Bf5 4. a3 g6 5. Bd3 Bg4 6. h3 Bxf3 7. Qxf3 Bg7 8. c4
Nf6 9. Nc3 dxc4 10. Bxc4 e5 11. d5 Na5 12. Ba2 O-O 13. e4 Nd7 14. b4 b6 15. bxa5
bxa5 16. O-O Qf6 17. Qe3 Rfe8 18. Nb5 Rec8 19. Nxa7 Rcb8 20. Nc6 1-0

[Event "Challenge"]
[Site "http://www.queenalice.com/game.php?id=1795183"]
[Date "2022.8.30"]
[Round "-"]
[White "mathias2001"]
[Black "QAICC"]
[Result "0-1"]
[WhiteElo "1567"]
[BlackElo "1566"]

1. e4 e5 2. Nf3 Nc6 3. Bc4 Na5 4. b3 Nxc4 5. bxc4 f6 6. O-O Bc5 7. d3 d6 8. Nc3
Be6 9. h3 a6 10. d4 Bb4 11. Qd3 exd4 12. Nxd4 Qd7 13. Nb3 Qc6 14. Bd2 Bxc4 15.
Qg3 g6 16. Rfe1 O-O-O 17. a3 Bxc3 18. Bxc3 Rf8 19. Na5 Qa4 20. Qe3 b6 21. Nxc4
Qxc4 22. Qf3 Kb7 23. e5+ Qc6 24. Qxc6+ Kxc6 25. e6 Ne7 26. a4 a5 27. g4 Kd5 28.
f4 Rhg8 29. h4 h5 30. g5 fxg5 31. fxg5 Nf5 32. Bf6 Kc6 33. Kf2 Nxh4 34. Ke2 Ng2
35. Rf1 Kd5 36. Rad1+ Kxe6 37. Rd4 h4 38. Rf3 Kd7 39. Kf2 c5 40. Re4 Re8 41.
Rxe8 Rxe8 42. Kxg2 Re2+ 43. Kh3 Rxc2 0-1

[Event "Challenge"]
[Site "http://www.queenalice.com/game.php?id=1795468"]
[Date "2022.9.3"]
[Round "-"]
[White "mathias2001"]
[Black "poeleabois"]
[Result "0-1"]
[WhiteElo "1587"]
[BlackElo "1492"]

1. e4 e5 2. Nf3 Nc6 3. Bc4 d6 4. d3 Nf6 5. O-O h6 6. Nc3 Be7 7. Nd5 O-O 8. b4
Bg4 9. Bd2 a6 10. c3 b5 11. Bb3 Qd7 12. c4 bxc4 13. Bxc4 Nd4 14. Rb1 Bxf3 15.
gxf3 Qh3 16. Nxe7+ Kh7 17. f4 Nf3+ 18. Qxf3 Qxf3 19. f5 Ng4 20. Bb3 Qh3 21. Rfc1
Qxh2+ 22. Kf1 Qxf2# 0-1

[Event "Challenge"]
[Site "http://www.queenalice.com/game.php?id=1797192"]
[Date "2022.9.30"]
[Round "-"]
[White "poeleabois"]
[Black "mathias2001"]
[Result "1-0"]
[WhiteElo "1463"]
[BlackElo "1567"]

1. e4 e5 2. Nf3 Nc6 3. Nc3 Nf6 4. Bb5 Bc5 5. O-O O-O 6. Bxc6 bxc6 7. d3 d5 8.
Nxe5 Qd6 9. Nf3 Re8 10. e5 Qe6 11. exf6 Qxf6 12. Bg5 Qg6 13. Re1 Be6 14. Qd2 h6
15. Bh4 Bh3 16. Bg3 Bg4 17. Ne5 Qf5 18. Nxc6 Bb6 19. Nd4 Bxd4 20. Bxc7 Rac8 21.
Bg3 Bb6 22. h3 Bh5 23. Nb5 Qf6 24. a3 Re6 25. Rxe6 fxe6 26. c3 Rd8 27. a4 Be8
28. Bc7 Bxc7 29. Nxc7 Bc6 30. b4 Rc8 31. Na6 Be8 32. b5 Bg6 33. d4 Be4 34. f3
Bf5 35. a5 Qg6 36. g4 Kh7 37. b6 axb6 38. axb6 Qf7 39. gxf5 exf5 40. Rb1 Qb7 41.
Nc5 Qb8 42. b7 Re8 43. Nd7 Qc7 44. b8=Q Rxb8 45. Rxb8 Qxd7 46. Qb2 f4 47. Kh2
Qf5 48. Qg2 Qd3 49. Rb7 Qg6 50. Qe2 Qg3+ 51. Kh1 Qxh3+ 52. Kg1 Qg3+ 53. Kf1 h5
54. Qg2 h4 55. Qxg3 hxg3 56. Rd7 Kh6 57. Rxd5 g5 58. c4 Kh5 59. c5 Kh4 60. Kg2
g4 61. c6 gxf3+ 62. Kxf3 Kh3 63. Rh5# 1-0

[Event "Challenge"]
[Site "http://www.queenalice.com/game.php?id=1798569"]
[Date "2022.10.24"]
[Round "-"]
[White "mathias2001"]
[Black "poeleabois"]
[Result "0-1"]
[WhiteElo "1547"]
[BlackElo "1483"]

1. e4 e5 2. Nf3 Nc6 3. Bc4 Nf6 4. O-O Nxe4 5. Re1 d5 6. Bb5 Bd7 7. Nc3 Qf6 8.
Nxd5 Qd8 9. Rxe4 a6 10. Bc4 Bf5 11. Re1 b5 12. Bd3 Bxd3 13. cxd3 Qxd5 14. Nxe5
Nxe5 15. b3 Be7 16. Qe2 f6 17. Bb2 O-O 18. Rac1 c6 19. d4 Ng6 20. Qe6+ Qxe6 21.
Rxe6 Rad8 22. g3 Kf7 23. Rcxc6 Rfe8 24. Rxa6 Nf8 25. Reb6 Rd5 26. a4 bxa4 27.
bxa4 Nd7 28. Rb7 Kg6 29. Kg2 Rb8 30. Raa7 Rd8 31. Bc3 h5 32. Ba5 Re8 33. Rxd7
Rxd7 34. Rxd7 f5 35. d5 Bc5 36. d6 Re2 37. Rd8 Rxf2+ 38. Kh3 Rf3 39. d7 Rd3 40.
Bc7 Rxd2 41. a5 Be7 0-1

[Event "Challenge"]
[Site "http://www.queenalice.com/game.php?id=1823326"]
[Date "2023.10.18"]
[Round "-"]
[White "mathias2001"]
[Black "poeleabois"]
[Result "0-1"]
[WhiteElo "1528"]
[BlackElo "1552"]

1. e4 e5 2. Nf3 d6 3. d4 exd4 4. Nxd4 Nf6 5. f3 Bd7 6. Bf4 Nc6 7. Nc3 Nxd4 8.
Qxd4 h6 9. Nb5 Bxb5 10. Bxb5+ c6 11. Bd3 Be7 12. O-O-O O-O 13. g4 c5 14. Qa4 Nd7
15. h4 Nb6 16. Qb3 Rc8 17. c3 Bxh4 18. Qc2 Bg5 19. Bxg5 Qxg5+ 20. Rd2 d5 21.
exd5 Nxd5 22. Be4 Ne3 23. Qd3 Rcd8 24. Qe2 Nc4 25. Bd3 Nxd2 26. Rd1 Nxf3+ 27.
Kb1 Qxg4 28. Bc2 Rde8 29. Qd3 f5 30. Qd5+ Kh7 31. Qxc5 Re1 32. Qxf8 Rxd1+ 33.
Bxd1 Qe4+ 34. Ka1 Nd2 35. a3 Qb1# 0-1

[Event "Challenge"]
[Site "http://www.queenalice.com/game.php?id=1828589"]
[Date "2024.1.5"]
[Round "-"]
[White "poeleabois"]
[Black "mathias2001"]
[Result "1-0"]
[WhiteElo "1766"]
[BlackElo "1513"]

1. e4 e5 2. Nf3 Nc6 3. Bb5 Nf6 4. d3 Bc5 5. Bxc6 bxc6 6. Nxe5 O-O 7. O-O Qe8 8.
Nf3 Rb8 9. Nc3 d6 10. h3 Qd8 11. d4 Bb4 12. e5 dxe5 13. Nxe5 Qd6 14. Bd2 Bxc3
15. Bxc3 c5 16. dxc5 Qxc5 17. Nd3 Qc6 18. Ne5 Qc5 19. Bd4 Qb5 20. Rb1 Be6 21. a3
Ba2 22. Ra1 Bd5 23. Rc1 Rfe8 24. c4 Qc6 25. Nxc6 Bxc6 26. Bxa7 Rxb2 27. Bd4 Rd8
28. Rc2 Rxc2 29. Qxc2 Rxd4 30. Rd1 Rxd1+ 31. Qxd1 h6 32. Qd8+ Ne8 33. g4 Kh7 34.
c5 Kg6 35. Qd3+ Kg5 36. Qa6 Bf3 37. Qd3 Bc6 38. Qf5+ Kh4 39. Qh5# 1-0

[Event "Challenge"]
[Site "http://www.queenalice.com/game.php?id=1831935"]
[Date "2024.2.20"]
[Round "-"]
[White "mathias2001"]
[Black "poeleabois"]
[Result "0-1"]
[WhiteElo "1507"]
[BlackElo "1462"]

1. e4 e5 2. Nf3 Nc6 3. Bc4 Nf6 4. Nc3 d6 5. d3 Be7 6. O-O O-O 7. a3 h6 8. b4 a6
9. d4 Bg4 10. d5 Nd4 11. Qd3 b5 12. Bb3 Nxb3 13. Rb1 Nxc1 14. Rbxc1 c5 15. dxc6
Qc7 16. Nd5 Nxd5 17. exd5 f5 18. h3 Bxf3 19. Qxf3 e4 20. Qf4 Bg5 21. Qg3 Bxc1
22. Rxc1 f4 23. Qg4 Qb6 24. Re1 Rae8 25. Qd7 e3 26. f3 e2+ 0-1